O` mur suria mat : (Record no. 3636)

MARC details
000 -LEADER
fixed length control field 00560cam a2200205ua 4500
001 - CONTROL NUMBER
control field 3814
005 - DATE AND TIME OF LATEST TRANSACTION
control field 20260515113732.0
008 - FIXED-LENGTH DATA ELEMENTS--GENERAL INFORMATION
fixed length control field 111222n ii |||gr||||Z||||||asm
020 ## - INTERNATIONAL STANDARD BOOK NUMBER
International Standard Book Number 81-85905-82-7
040 ## - CATALOGING SOURCE
Transcribing agency MAIN
082 ## - DEWEY DECIMAL CLASSIFICATION NUMBER
Classification number 780
100 ## - MAIN ENTRY--PERSONAL NAME
Personal name Bora, Dhurbajyoti,
Relator term Author.
245 11 - TITLE STATEMENT
Title O` mur suria mat :
Remainder of title adhunik jatia bhasa hisape asamiya bhasar bikash /
Statement of responsibility, etc. by Dhurbajyoti Bora
250 ## - EDITION STATEMENT
Edition statement 1st.
260 ## - PUBLICATION, DISTRIBUTION, ETC.
Place of publication, distribution, etc. Guwahati:
Name of publisher, distributor, etc. Students stores,994.
300 ## - PHYSICAL DESCRIPTION
Extent 135p:
Dimensions 23cm.
653 ## - INDEX TERM--UNCONTROLLED
Uncontrolled term Assamese language
653 ## - INDEX TERM--UNCONTROLLED
Uncontrolled term O` mur suria mat
942 ## - ADDED ENTRY ELEMENTS (KOHA)
Koha item type Books
Holdings
Withdrawn status Lost status Damaged status Not for loan Home library Current library Shelving location Date acquired Total checkouts Full call number Barcode Date last seen Copy number Price effective from Koha item type
        Naharkatiya College Library Naharkatiya College Library General stacks 09/19/2020   780 | BOR 9213 09/19/2020 1 09/19/2020 Books